|
|
|
|
| LEADER |
00675cam a2200205 7i4500 |
| 001 |
0000031509 |
| 005 |
20140804090000.0 |
| 020 |
0 |
0 |
|a 9789679695687
|
| 090 |
0 |
0 |
|a M 338.4762922209595
|b AKJ
|
| 100 |
1 |
0 |
|a A. Kadir Jasin
|
| 245 |
1 |
2 |
|a A Saga :
|b Proton's 25 year story.
|
| 260 |
0 |
0 |
|a Kuala Lumpur:
|b Berita Publishing,
|c 2010.
|
| 300 |
# |
# |
|a 199 p.
|
| 650 |
0 |
0 |
|a Automobiles --
|z Malaysia
|
| 650 |
0 |
0 |
|a Automobile industry and trade --
|x History --
|z Malaysia
|
| 650 |
0 |
0 |
|a SAGA --
|x Automobiles --
|z Malaysia
|
| 650 |
0 |
0 |
|a PROTON --
|x Automobiles --
|z Malaysia
|
| 651 |
0 |
0 |
|a Malaysia
|
| 700 |
1 |
0 |
|a Cheah,
|h Chor Sooi
|
| 999 |
|
|
|a 0000033228
|b Book
|c Malaysia
|e Business Information Centre
|